El concepto de derecho de un siglo.su perspectiva iusfilosófica : (Record no. 152855)

MARC details
000 -LEADER
fixed length control field nam a22 7a 4500
005 - DATE AND TIME OF LATEST TRANSACTION
control field 20191111093107.0
008 - FIXED-LENGTH DATA ELEMENTS--GENERAL INFORMATION
fixed length control field 191111b sp ||||| |||| 00| 0 spa d
020 ## - INTERNATIONAL STANDARD BOOK NUMBER
International Standard Book Number 9788490859001
050 04 - LIBRARY OF CONGRESS CALL NUMBER
Classification number K215
Item number L67 2016
100 1# - MAIN ENTRY--PERSONAL NAME
Personal name Lorca Martín de Villodres, María Isabel
245 10 - TITLE STATEMENT
Title El concepto de derecho de un siglo.su perspectiva iusfilosófica :
Remainder of title El concepto de Derecho en los Discursos de la Real Academia de Jurisprudencia y Legislación, desde mediados del siglo XIX a mediados del siglo XX (La positividad del Derecho) /
Statement of responsibility, etc María Isabel Lorca Martín de Villodres
250 ## - EDITION STATEMENT
Edition statement 1a edición
260 ## - PUBLICATION, DISTRIBUTION, ETC. (IMPRINT)
Place of publication, distribution, etc Madrid :
Name of publisher, distributor, etc Dykinson,
Date of publication, distribution, etc 2016
300 ## - PHYSICAL DESCRIPTION
Extent 102 p. ;
Dimensions 21 cm.
650 #4 - SUBJECT ADDED ENTRY--TOPICAL TERM
Topical term or geographic name as entry element Derecho
General subdivision Filosofía - Historia
Chronological subdivision Siglo XIX.
942 ## - ADDED ENTRY ELEMENTS (KOHA)
Source of classification or shelving scheme Biblioteca del Cogreso de los Estados Unidos
Koha item type Libro
Holdings
Estado de pérdida Fuente de clasificación Estado del daño No para préstamo Ubicación permanente Ubicación actual Apartado o colección Fecha de adquisición Edición Dependencia de educación superior (DES) Área del conocimiento Clasificación Código de Barras Date last seen Número de copia Costo por reposición Tipo de recurso
  Biblioteca del Cogreso de los Estados Unidos     Biblioteca de la Facultad de Filosofía Biblioteca de la Facultad de Filosofía General 11/11/2019 1a ed. Humanidades Educación y Humanidades K215 L67 2016 BFF000033748 11/11/2019 C:1 1.00 Libro
  Biblioteca del Cogreso de los Estados Unidos     Biblioteca de la Facultad de Filosofía Biblioteca de la Facultad de Filosofía General 11/11/2019 1a ed. Humanidades Educación y Humanidades K215 L67 2016 BFF000033749 11/11/2019 C:2 1.00 Libro